000 00683nam a2200205 i 4500
001 28440
003 ES-MaACL
005 20230906153844.0
007 t|
008 030117s1965 sp ||||1| spa d
100 1 _aBaehr, Hans D.
_924577
245 1 0 _aTratado moderno de Termodinámica /
_cHans D. Baehr ; versión por Sebastián Guma Pecci ; bajo la supervisión de Ramón Simón Arias.
250 _a1ª ed.
260 _aBarcelona, etc. :
_bJosé Montesó,
_c1965.
300 _a515 p. :
_bil. ;
_c22 cm.
650 4 _aTermodinámica.
_917486
700 1 _aGuma Pecci, Sebastián.
_960945
700 1 _aSimón Arias, Ramón.
_9106541
852 _aES-MaACL
_jC-29864
_bR.60140
999 _c28440
_d28440